000 00651cab a2200241 4500
001 ABS52569
008 090401t1995 xxu||||| |||| 00| 0 eng d
035 _a(Sirsi) u84972
041 _aeng
100 _aStephens, M.
245 _aFinland: out of the sauna
260 _c1995
350 _a0
490 _aMortgage Finance
_v127(1546) March 1995, 24-26(3)
520 _aCovers the boom and subsequent collapse of the housing market in Finland 1985-1994.
650 _aFINLAND
650 _aHOUSING FINANCE
650 _aHOUSING MARKET
690 _aHOUSING-FINANCE
690 _aOVERSEAS-EUROPE
942 _n0
948 _c04/03/1997
999 _c53419
_d53419